International rules : (Record no. 66123)

MARC details
000 -LEADER
campo de control de longitud fija 03374cam a2200625 a 4500
001 - NÚMERO DE CONTROL
campo de control 89680
005 - FECHA Y HORA DE LA ÚLTIMA TRANSACCIÓN
campo de control 20230410123657.0
008 - DATOS DE LONGITUD FIJA--INFORMACIÓN GENERAL
campo de control de longitud fija 950504s1996 nyua b 000 0 eng
010 ## - NÚMERO DE CONTROL DE LA BIBLIOTECA DEL CONGRESO
Número de control de LC 95009258
035 ## - NÚMERO DE CONTROL DEL SISTEMA
Número de control de sistema (OCoLC)ocm32509509
040 ## - FUENTE DE CATALOGACIÓN
Centro catalogador/agencia de origen DLC
Centro/agencia transcriptor DLC
Centro/agencia modificador C#P
-- UCX
-- UKM
-- FCI
-- NLGGC
-- BAKER
-- BTCTA
-- YDXCP
-- OCLCG
-- RCJ
015 ## - NÚMERO DE BIBLIOGRAFÍA NACIONAL
Número de bibliografía nacional GB96-70863
019 ## -
-- 35666580
-- 123064328
020 ## - NÚMERO INTERNACIONAL ESTÁNDAR DEL LIBRO
Número Internacional Estándar del Libro 0195085396 (cloth : acid-free paper)
020 ## - NÚMERO INTERNACIONAL ESTÁNDAR DEL LIBRO
Número Internacional Estándar del Libro 9780195085396 (cloth : acid-free paper)
020 ## - NÚMERO INTERNACIONAL ESTÁNDAR DEL LIBRO
Número Internacional Estándar del Libro 019508540X (pbk. : acid-free paper)
020 ## - NÚMERO INTERNACIONAL ESTÁNDAR DEL LIBRO
Número Internacional Estándar del Libro 9780195085402 (pbk. : acid-free paper)
029 1# - OTRO NÚMERO DE CONTROL DE SISTEMA (OCLC)
Identificador de la biblioteca OCLC UKM
Número de control de sistema b9670863
029 1# - OTRO NÚMERO DE CONTROL DE SISTEMA (OCLC)
Identificador de la biblioteca OCLC NLGGC
Número de control de sistema 139658092
029 1# - OTRO NÚMERO DE CONTROL DE SISTEMA (OCLC)
Identificador de la biblioteca OCLC YDXCP
Número de control de sistema 104307
029 1# - OTRO NÚMERO DE CONTROL DE SISTEMA (OCLC)
Identificador de la biblioteca OCLC YDXCP
Número de control de sistema 104308
029 1# - OTRO NÚMERO DE CONTROL DE SISTEMA (OCLC)
Identificador de la biblioteca OCLC NZ1
Número de control de sistema 4736335
029 1# - OTRO NÚMERO DE CONTROL DE SISTEMA (OCLC)
Identificador de la biblioteca OCLC AU@
Número de control de sistema 000011641576
029 1# - OTRO NÚMERO DE CONTROL DE SISTEMA (OCLC)
Identificador de la biblioteca OCLC UNITY
Número de control de sistema 014244918
029 1# - OTRO NÚMERO DE CONTROL DE SISTEMA (OCLC)
Identificador de la biblioteca OCLC HR0
Número de control de sistema 0195085396
035 ## - NÚMERO DE CONTROL DEL SISTEMA
Número de control de sistema (OCoLC)32509509
Número de control cancelado/no válido (OCoLC)35666580
-- (OCoLC)123064328
050 14 - SIGNATURA TOPOGRÁFICA DE LA BIBLIOTECA DEL CONGRESO
Número de clasificación JX3091
Número de ítem .B43 1996
050 14 - SIGNATURA TOPOGRÁFICA DE LA BIBLIOTECA DEL CONGRESO
Número de clasificación KZ1272
Número de ítem .I58 1996
082 00 - NÚMERO DE LA CLASIFICACIÓN DECIMAL DEWEY
Número de clasificación 341/.1
Número de edición 20
084 ## - OTRO NÚMERO DE CLASIFICACIÓN
Número de clasificación 86.80
Fuente del número bcl
084 ## - OTRO NÚMERO DE CLASIFICACIÓN
Número de clasificación 89.70
Fuente del número bcl
245 00 - MENCIÓN DEL TÍTULO
Título International rules :
Resto del título approaches from international law and international relations /
Mención de responsabilidad, etc. edited by Robert J. Beck, Anthony Clark Arend, Robert D. Vander Lugt.
260 ## - PUBLICACIÓN, DISTRIBUCIÓN, ETC.
Lugar de publicación, distribución, etc. New York :
Nombre del editor, distribuidor, etc. Oxford University Press,
Fecha de publicación, distribución, etc. 1996.
300 ## - DESCRIPCIÓN FÍSICA
Extensión xvi, 310 p. :
Otras características físicas ill. ;
Dimensiones 24 cm.
504 ## - NOTA DE BIBLIOGRAFÍA, ETC.
Nota de bibliografía, etc. Includes bibliographical references.
505 00 - NOTA DE CONTENIDO CON FORMATO
Título International law and international relations : the prospects for interdisciplinary collaboration /
Mención de responsabilidad Robert J. Beck --
Título Prolegomena /
Mención de responsabilidad Hugo Grotius --
Título The nature of international law /
Mención de responsabilidad Hans Kelsen --
Título International law /
Mención de responsabilidad H.L.A. Hart --
Título Diplomacy in the modern world /
Mención de responsabilidad George F. Kennan --
Título Remarks /
Mención de responsabilidad Dean Acheson --
Título The identification and appraisal of diverse systems of public order /
Mención de responsabilidad Myres S. McDougal and Harold D. Lasswell --
Título Anarchy and the limits of cooperation : a realist critique of the newest liberal institutionalism /
Mención de responsabilidad Joseph M. Grieco --
Título Structural causes and regime consequences : regimes as intervening variables /
Mención de responsabilidad Stephen Krasner --
Título International institutions : two approaches /
Mención de responsabilidad Robert O. Keohane --
Título International society and the study of regimes : a reflective approach /
Mención de responsabilidad Andrew Hurrell --
Título A new stream of international law scholarship /
Mención de responsabilidad David Kennedy --
Título Feminist approaches to international law /
Mención de responsabilidad Hilary Charlesworth, Christine Chinkin, and Shelley Wright --
Título Toward an understanding of international legal rules /
Mención de responsabilidad Clark Arend.
650 #0 - PUNTO DE ACCESO ADICIONAL DE MATERIA--TÉRMINO DE MATERIA
Término de materia o nombre geográfico como elemento de entrada International law.
653 0# - TÉRMINO DE INDIZACIÓN--NO CONTROLADO
Término no controlado International law
650 #7 - PUNTO DE ACCESO ADICIONAL DE MATERIA--TÉRMINO DE MATERIA
Término de materia o nombre geográfico como elemento de entrada Droit international.
Fuente del encabezamiento o término ram
650 17 - PUNTO DE ACCESO ADICIONAL DE MATERIA--TÉRMINO DE MATERIA
Término de materia o nombre geográfico como elemento de entrada Internationaal recht.
Fuente del encabezamiento o término gtt
650 17 - PUNTO DE ACCESO ADICIONAL DE MATERIA--TÉRMINO DE MATERIA
Término de materia o nombre geográfico como elemento de entrada Internationale betrekkingen.
Fuente del encabezamiento o término gtt
650 17 - PUNTO DE ACCESO ADICIONAL DE MATERIA--TÉRMINO DE MATERIA
Término de materia o nombre geográfico como elemento de entrada Interdisciplinaire samenwerking.
Fuente del encabezamiento o término gtt
700 1# - ENTRADA AGREGADA--NOMBRE PERSONAL
Nombre de persona Beck, Robert J.,
Fechas asociadas al nombre 1961-
700 1# - ENTRADA AGREGADA--NOMBRE PERSONAL
Nombre de persona Arend, Anthony C.
700 1# - ENTRADA AGREGADA--NOMBRE PERSONAL
Nombre de persona Vander Lugt, Robert D.
856 42 - LOCALIZACIÓN Y ACCESO ELECTRÓNICOS
Materiales especificados Publisher description
Identificador Uniforme de Recursos <a href="http://www.loc.gov/catdir/enhancements/fy0604/95009258-d.html">http://www.loc.gov/catdir/enhancements/fy0604/95009258-d.html</a>
856 41 - LOCALIZACIÓN Y ACCESO ELECTRÓNICOS
Materiales especificados Table of contents only
Identificador Uniforme de Recursos <a href="http://www.loc.gov/catdir/enhancements/fy0604/95009258-t.html">http://www.loc.gov/catdir/enhancements/fy0604/95009258-t.html</a>
938 ## -
-- Baker and Taylor
-- BTCP
-- 95009258
938 ## -
-- YBP Library Services
-- YANK
-- 104308
938 ## -
-- Baker & Taylor
-- BKTY
-- 67.00
-- 67.00
-- 0195085396
-- 0002682191
-- active
938 ## -
-- Baker & Taylor
-- BKTY
-- 39.95
-- 39.95
-- 019508540X
-- 0002682192
-- active
942 ## - ELEMENTOS DE ENTRADA SECUNDARIOS (KOHA)
Fuente del sistema de clasificación o colocación Clasificación de Library of Congress
Tipo de ítem Koha
994 ## -
-- C0
-- DRFGD
946 ## - PROCESAMIENTO DE INFORMACIÓN LOCAL (OCLC)
a lmm
Holdings
Estatus retirado Estado de pérdida Fuente del sistema de clasificación o colocación Estado de daño No para préstamo Colección Biblioteca de origen Biblioteca actual Ubicación en estantería Fecha de adquisición Serial enumeration / chronology Signatura topográfica completa Código de barras Visto por última vez Tipo de ítem Koha
    Clasificación de Library of Congress     Ciencias Sociales Biblioteca Juan Bosch Biblioteca Juan Bosch Ciencias Sociales (3er. Piso) 10/04/2023 3 JX3091 .B43 1996 | KZ1272 .I58 1996 00000077095 24/10/2018